00433nam a2200145Ia 4500008004100000020001800041041000800059082001700067100001800084245009700102250000600199260006100205300001200266650000900278210716s2007 xx 000 0 und d a9780070635920 aeng a657.046 TULP aTulsian, P C. aFundamentals of accounting: for ca common proficiency test.bFor ca common proficiency test. a1 aNew DelhibTata McGraw Hill Publishing Company Ltdc2007 ax,28.43 aNone